Evaluating training effectiveness : translating theory into practice /

محفوظ في:
التفاصيل البيبلوغرافية
المؤلف الرئيسي: Bramley, Peter
التنسيق: كتاب
منشور في: London ; McGraw-Hill Book Co., c1991.
سلاسل:McGraw-Hill training series
الموضوعات:
الوسوم: إضافة وسم
لا توجد وسوم, كن أول من يضع وسما على هذه التسجيلة!

MARC

LEADER 00000pam a2200000 a 4500
020 |a 0077073312 : 
040 |a MUL  |b eng  |e ACCR 
082 0 0 |a 658.312404 BRA 
100 1 |a Bramley, Peter, 
245 1 0 |a Evaluating training effectiveness :  |b translating theory into practice /  |c Peter Bramlay. 
260 |a London ;  |b McGraw-Hill Book Co.,  |c c1991. 
300 |a xv, 144 p. :  |b ill. ;  |c 25 cm. 
440 0 |a McGraw-Hill training series 
504 |a Includes bibliographical references (p. [139]-142) and index. 
650 0 |a Employees 
650 0 |a Employee training 
650 0 |a Training evaluation 
942 |c BK 
999 |c 4938  |d 4938